Sports Quiz

Random Sports or Baseball Quiz

MLB - Mount Rushmore of First Basemen Quiz Stats

 Plays Quiz not verified by Sporcle

Challenge
Share
Tweet
Embed
Score 0/120 Timer 20:00
0 Plays Today
% Correct
Lou Gehrig
95%
Ryan Howard
87%
Todd Helton
86.8%
Albert Pujols
86.3%
Jeff Bagwell
84.6%
Carlos Pena
81.4%
Carlos Delgado
81.2%
Carlos Delgado
81.2%
Carlos Delgado
81.2%
Paul Konerko
80.6%
Jim Thome
79.6%
Prince Fielder
79.2%
Tino Martinez
78.2%
Don Mattingly
78.1%
Willie McCovey
77.1%
Eddie Murray
76.9%
Rafael Palmeiro
76.4%
Rafael Palmeiro
76.4%
Justin Morneau
74.7%
Jimmie Foxx
74.3%
Jimmie Foxx
74.3%
Keith Hernandez
71.9%
Keith Hernandez
71.9%
Fred McGriff
71.8%
Fred McGriff
71.8%
Fred McGriff
71.8%
Miguel Cabrera
71.6%
Adrian Gonzalez
71.4%
Mark Teixeira
71%
Mark McGwire
70.9%
John Olerud
70.7%
John Olerud
70.7%
John Olerud
70.7%
Will Clark
69.2%
Jason Giambi
68.9%
Joey Votto
68.5%
Tony Perez
68%
Mark Grace
67.2%
Mark Grace
67.2%
Kent Hrbek
67%
% Correct
Derrek Lee
66.9%
Travis Lee
66.8%
Harry Davis
65.9%
Alvin Davis
65.9%
Glenn Davis
65.9%
Andres Galarraga
64.5%
Andres Galarraga
64.5%
Kevin Youkilis
64.3%
Steve Garvey
63.8%
Hank Greenberg
62.8%
Cecil Cooper
58.9%
Boog Powell
58.8%
Gil Hodges
58.7%
Rod Carew
55.4%
Nick Johnson
54.4%
Mo Vaughn
53.5%
Cap Anson
49.1%
Norm Cash
48.1%
Lee May
47.9%
Conor Jackson
44.5%
Johnny Mize
41.4%
Richie Sexson
40.8%
Wally Joyner
40.2%
Wally Joyner
40.2%
George Sisler
37.3%
John Mayberry
36.4%
Dick Allen
35.2%
Frank Chance
34.8%
George Scott
33.6%
Ryan Klesko
32.8%
Bill Terry
31.9%
John Kruk
31.8%
Ted Kluszewski
31.8%
Joe Adcock
31.3%
Kendrys Morales
30.6%
Willie Upshaw & Lyle Overbay
29.5%
Bill Skowron
29.3%
Jeff King
28.7%
Nate Colbert
25.8%
Wally Pipp
25.6%
% Correct
Gaby Sanchez
17.6%
Jim Bottomley
16.2%
Hal Trosky
16.1%
Bob Watson
16%
Roger Connor
13%
Joe Judge
12.4%
Rudy York
12.4%
Mike Hargrove
11.6%
Mike Hargrove
11.6%
Casey Kotchman
11.1%
Jake Beckley
11%
Pete O'Brien
10.6%
Willie Aikens
10.1%
Mickey Vernon
9.9%
Ed Morgan
8.7%
Dolph Camilli
7.6%
Ron Fairly
7.5%
Frank McCormick
7.5%
Erubiel Durazo
7.3%
Phil Cavarretta
6.3%
Fred Tenney
5.9%
Dave Magadan
5.3%
Scott Spiezio
4.6%
Bruce Bochte
4.5%
Gus Suhr
3.5%
Jake Daubert
3.5%
Elbie Fletcher
2.9%
Zeke Bonura
2.8%
Greg Colbrunn
2.8%
Greg Colbrunn
2.8%
Fred Luderus
2.2%
Pete Runnels
2%
Earl Torgeson
2%
Mike Jorgensen
2%
Don Hurst
1.7%
George Grantham
1.1%
Earl Sheely
0.7%
Ryan Shealy
0.7%
John Morrill
0.5%
Brad Eldred
0.4%

You're not logged in!

Compare scores with friends on all Sporcle quizzes.
Join for Free
OR
Log In

You Might Also Like...

Show Comments

Extras

Top Quizzes Today


Score Distribution

Your Account Isn't Verified!

In order to create a playlist on Sporcle, you need to verify the email address you used during registration. Go to your Sporcle Settings to finish the process.

Report this User

Report this user for behavior that violates our Community Guidelines.

Details: